Mobutu Quiz - Statistics

General Stats
  • This quiz has been taken 7 times
  • The average score is 4 of 11
Answer Stats
Hint Answer % Correct
New name he gave the country he lead Zaire
100%
Holiday briefly banned in 1972 Christmas
75%
Name he gave himself as part of the africanisation of the country Mobutu Sese Seko (Kuku Ngbendu Wa Za Banga)
75%
Year he seized power 1965
50%
Mineral crucial to this country's economy Cobalt
50%
Successor Laurent-Desire Kabila
25%
Political leader arrested in 1961 and turned over to the province of Katanga Patrice lumumba
25%
Place where he is buried Rabat, Morocco
25%
exaggerated rumour about his life in the bedroom Every night with a virgin
0%
Predecessor Joseph Kasavubu
0%
Meaning of that name The all powerfull
0%
No matching quizzes found
Score Distribution
Percent of People with Each Score
Percentile by Number Answered
Your Score History
You have not taken this quiz